Zgadnij co to za postać z Miraculous | Część #11 - Statystyki

Ogólne statystyki
  • Ten quiz został rozwiązany 15 razy
  • Średni wynik to 5 z 16
Statystyki odpowiedzi
Obrazkowy Odpowiedź % Poprawnych
Fei Wu
56%
Liiri
56%
Wayhem
56%
Xavier Ramier
56%
Cash
44%
Socqueline Wang
33%
Wu Shifu
33%
Bastylia
22%
Chińscy nastolatkowie
22%
Mercury
22%
Mike Rochip
22%
Camilla Hombee
11%
Dan
11%
Mei Shi
11%
Renlingi
11%
Strażnik szkatuły
11%
Nie znaleziono quizów pasujących do podanych kryteriów
Rozkład punktacji
Procent ludzi z każdym wynikiem
Percentyl według liczby udzielonych odpowiedzi
Twoja historia wyników
Nie rozwiązałeś tego quizu